Vývojové trendy v poisťovníctve I.
Dňa 7. júna 2007 sa v Senici konala medzinárodná vedecká konferencia na tému: Vývojové trendy v poisťovníctve I, ktorú zorganizovala Katedra poisťovníctva Národohospodárskej fakulty Ekonomickej univerzity v Bratislave. Informácia o zameraní a cieľoch konferencie.
Na minha lista:
| Autor principal: | |
|---|---|
| Formato: | Capítulo de Livro |
| Idioma: | eslovaco |
| Assuntos: | |
| Tags: |
Sem tags, seja o primeiro a adicionar uma tag!
|
MARC
| LEADER | 00000naa$a2200000$$$4500 | ||
|---|---|---|---|
| 001 | 0075166 | ||
| 005 | 20240502071901.3 | ||
| 041 | 0 | |a slo | |
| 044 | |a SK | ||
| 245 | 1 | 0 | |a Vývojové trendy v poisťovníctve I. |c Zuzana Littvová |
| 520 | |a Dňa 7. júna 2007 sa v Senici konala medzinárodná vedecká konferencia na tému: Vývojové trendy v poisťovníctve I, ktorú zorganizovala Katedra poisťovníctva Národohospodárskej fakulty Ekonomickej univerzity v Bratislave. Informácia o zameraní a cieľoch konferencie. | ||
| 610 | 2 | 0 | |a poisťovníctvo |
| 610 | 2 | 0 | |a konferencie |
| 610 | 2 | 0 | |a školy vysoké |
| 610 | 2 | 0 | |a trh poistný |
| 100 | 1 | |a Littvová, Zuzana | |